| 000 | 01335nam0a2200325 4500 | ||
|---|---|---|---|
| 001 | RU\NLR\bibl\1213507 | ||
| 005 | 20260408235622.0 | ||
| 021 |
_aRU _b2008-9920 _9552 |
||
| 035 | _a(NLR Aleph) 001199910 | ||
| 090 |
_a1769286 _c1769286 |
||
| 100 | _a20080411d2008 |||y0rusy50 ca | ||
| 101 | 0 | _arus | |
| 102 | _aRU | ||
| 105 | _ay ||||||||| | ||
| 200 | 1 |
_aПуть страдания и любви _e"Записки" Н.Б. Долгоруковой _fИрина Грачева |
|
| 210 |
_aРязань _cШацкая типография _d[2008] |
||
| 215 |
_a15 с. _d16 |
||
| 320 | _aДр. кн. авт. на обороте тит.л. | ||
| 500 |
_aЗаписки _92632062 _3RU\NLR\auth\5510061 |
||
| 600 | 1 |
_aДолгорукая _bН.Б. _f1714 - 1771 _gНаталья Борисовна _92522130 _3RU\NLR\auth\661494463 |
|
| 686 | _aТ3(2)464-8 | ||
| 700 | 1 |
_4070 _7ca _8rus _aГрачева _bИ. В. _cфилолог _f1954- _gИрина Владимировна _950290 _3RU\NLR\auth\7767362 |
|
| 702 | 1 |
_4570 _7ca _8rus _aДолгорукая _bН. Б. _f1714-1771 _gНаталья Борисовна _950289 _3RU\NLR\auth\7767361 |
|
| 801 | 0 |
_aRU _bNLR _c20080411 _gRCR |
|
| 801 | 1 |
_aRU _bNLR _c20080411 |
|
| 830 | _aАвт. по кн. | ||
| 942 | _cBOOK | ||
| 980 | _aNB | ||